000 00714nam a2200181 i 4500
001 32342
003 ES-MaACL
005 20230910063044.0
007 t|
008 030131s1904 sp ||||1| spa d
100 1 _aBenito y Endara, Lorenzo,
_d1855-1932
_927698
245 1 0 _aFormas que pueden adoptar las sociedades mercantiles
_b: conferencia dada en el Círculo Liberal Democrático de Barcelona el 21 de mayo de 1904 /
_cpor Lorenzo Benito y Endara.
260 _aMadrid :
_b[s.n.],
_c1904 (
_fImpr. de la Revista de Legislación)
300 _a24 p. ;
_c22 cm.
650 4 _aSociedades-
_zEspaña.
_9150724
852 _aES-MaACL
_jT-164-F-2
999 _c32342
_d32342